000 00414nam a2200169Ia 4500
008 230524s9999 xx 000 0 und d
020 _a9780070585959
082 _a4.166
_bDES
100 _aAjay V.Deshmukh
245 0 _aMicrocontrollor Theory and Applications
250 _a1ST
260 _aNEW DELHI
_bTMH
_c2005
300 _aXI;329
500 _aQuantity Number: 139
650 _aComp-Sc
942 _cBK
999 _c26897
_d26897